| 000 | 00432nam a2200169Ia 4500 | ||
|---|---|---|---|
| 008 | 180207s9999 xx 000 0 und d | ||
| 020 | _a9780439666633 | ||
| 050 | _bT519 2004 | ||
| 100 | _aThorpe, Kiki | ||
| 245 | _aDora's chill day / | ||
| 245 | _cKiki Thorpe ; illustrated by Steven Savitsky. | ||
| 260 | _aNew York : | ||
| 260 | _bScholastic, | ||
| 260 | _c2004 | ||
| 300 | _aunpaged : | ||
| 300 | _bcolor illustration ; | ||
| 999 |
_c355252 _d355252 |
||